000 00345nam a22001577a 4500
003 SGT
020 _a978-0-470-67507-6
082 _a616.89
_bL09D
100 _aDAVID, ANTHONY
245 _aLISHMAN'S ORGANIC PSYCHIATRY
250 _a4TH
260 _aU.K.
_bWILEY BLACKWELL
_c2009
300 _a933
650 _aPSYCHIATRY
942 _2ddc
_cBK
999 _c19631
_d19631